MARC

LEADER 00000nam0a2200000 4500
001 26338
005 20231030201551.0
010 |a 5230121149 
035 |a (RuTPU)RU\TPU\book\26580 
035 |a BOOK00026655 
090 |a 26338 
100 |a 20011209d1993 m y0rusy50 ca 
101 0 |a rus 
102 |a RU 
105 |a a j 000zy 
200 1 |a Устройства генерирования и формирования радиосигналов  |e учебное пособие  |f А. И. Александров, М. П. Кевлишвили  |g Московский государственный институт радиотехники, электроники и автоматики (технический университет) (МИРЭА) 
210 |a Москва  |c Изд-во МИРЭА  |d 1993 
215 |a 75 с.  |c ил. 
320 |a Библиогр.: с. 74 (5 назв.) 
610 1 |a радиотехника 
610 1 |a радиопередатчики 
610 1 |a радиосигналы 
610 1 |a высокие частоты 
610 1 |a учебные пособия 
675 |a 621.396.61(075.8)  |v 3 
700 1 |a Александров  |b А. И.  |g Алексей Иванович 
701 1 |a Кевлишвили  |b М. П.  |g Мария Павловна 
712 0 2 |a Московский государственный институт радиотехники, электроники и автоматики (технический университет) (МИРЭА)  |2 stltpush  |3 (RuTPU)RU\TPU\col\119 
801 0 |a RU  |b 63413507  |c 20011209  |g PSBO 
801 2 |a RU  |b 63413507  |c 20170901  |g PSBO 
942 |c BK